Nejmenší hlavní města světa - Statistics

General Stats
  • This quiz has been taken 68 times
  • The average score is 8 of 17
Answer Stats
Počet obyvatel Stát Hl. město % Correct
453 Vatikán Vatikán
100%
4 061 San Marino San Marino
83%
22 873 Andorra Andorra la Vella
79%
747 Nauru Yaren
55%
271 Palau Ngerulmud
52%
5 774 Lichtenštejnsko Vaduz
48%
6 320 Tuvalu Funafuti
47%
20 000 Svatá Lucie Castries
43%
27,600 Tonga Nukuʻalofa
41%
14 725 Dominika Roseau
40%
6 647 Mikronésie Palikir
40%
14 000 Svatý Kryštof a Nevis Basseterre
40%
22 219 Antigua a Barbuda St. John's
38%
5 827 Malta Valletta
38%
26 450 Seychely Victoria
38%
12 909 Svatý Vincenc a Grenadiny Kingstown
38%
20 621 Belize Belmopan
19%
No matching quizzes found
Score Distribution
Percent of People with Each Score
Percentile by Number Answered
Your Score History
You have not taken this quiz